[Event "Ljubljana-chT 75th"]
[Site "Ljubljana"]
[Date "2023.03.16"]
[Round "8.3"]
[White "Majcen, Zoran"]
[Black "Mavrel, Franc"]
[Result "1-0"]
[WhiteElo "1802"]
[BlackElo "1664"]
[PlyCount "46"]
[EventDate "2023.01.12"]
[EventType "team-swiss"]
[EventRounds "9"]
[EventCountry "SLO"]
[SourceTitle "EXT 2024"]
[Source "ChessBase"]
[SourceDate "2023.10.10"]
[SourceVersion "1"]
[SourceVersionDate "2023.10.10"]
[SourceQuality "1"]
[WhiteTeam "Crni Graben"]
[BlackTeam "Dol"]
[WhiteTeamCountry "SLO"]
[BlackTeamCountry "SLO"]

1. e4 e5 2. d4 exd4 3. Qxd4 Nc6 4. Qe3 g6 5. Bd2 Bg7 6. Nc3 Nge7 7. 0-0-0 d6 8. Bc4 Ne5 9. Bb3 0-0 10. h4 Ng4 11. Qg3 Bh6 12. Bxh6 Nxh6 13. h5 Bg4 14. hxg6 Bxd1 15. Rxh6 hxg6 16. Kxd1 Kg7 17. Rh3 Rh8 18. f4 Rxh3 19. Nxh3 f6 20. Ne2 d5 21. exd5 Nxd5 22. Kc1 Qd6 23. Nd4 c6 1-0

[Event "Ljubljana-chT 74th"]
[Site "Ljubljana"]
[Date "2022.03.17"]
[Round "9.3"]
[White "Mavrel, Franc"]
[Black "Cop, Jaka"]
[Result "0-1"]
[WhiteElo "1664"]
[BlackElo "1907"]
[PlyCount "72"]
[EventDate "2022.01.13"]
[EventType "team-swiss"]
[EventRounds "9"]
[EventCountry "SLO"]
[SourceTitle "EXT 2024"]
[Source "ChessBase"]
[SourceDate "2023.10.10"]
[SourceVersion "1"]
[SourceVersionDate "2023.10.10"]
[SourceQuality "1"]
[WhiteTeam "Dol"]
[BlackTeam "Ig"]
[WhiteTeamCountry "SLO"]
[BlackTeamCountry "SLO"]

1. e4 c5 2. Bc4 Nc6 3. d3 e6 4. Nf3 d5 5. exd5 exd5 6. Bb5 Bd6 7. Bxc6+ bxc6 8. Qe2+ Ne7 9. 0-0 0-0 10. Bg5 Bg4 11. Nbd2 Re8 12. Rfe1 Qb8 13. h3 Bxf3 14. Nxf3 Qxb2 15. c4 Qxe2 16. Rxe2 f6 17. Bh4 Nf5 18. Rxe8+ Rxe8 19. g4 Nxh4 20. Nxh4 Re2 21. Nf5 Bf8 22. cxd5 cxd5 23. d4 c4 24. Ne3 Rd2 25. Nxd5 Rxd4 26. Nc3 Rd2 27. Rd1 Rxd1+ 28. Nxd1 Bc5 29. Nc3 Bd4 30. Ne2 Bb2 31. Kf1 Kf7 32. Ke1 Ke6 33. Kd2 Kd5 34. f3 f5 35. Ke3 Bd4+ 36. Nxd4 f4+ 0-1